000 00630nam a2200181 i 4500
001 46106
003 ES-MaACL
005 20250828084001.0
007 t|
008 030327s1962 sz ||||1| fre d
111 0 0 _aConférence Internationale de l'Instruction Publique (
_n25ª.
_d1962.
_cGinebra)
_9166
245 1 3 _aLe perfectionnement des maitres primaires
_b: recherche d'education comparée.
260 _aGenève, ect. :
_bBureau International d'Education,
_c1962.
300 _a186 p. ;
_c25 cm.
710 2 0 _aOficina Internacional de Educación
_96022
852 _aES-MaACL
_jC-23457
_bR.51442
999 _c46106
_d46106